| 000 | 01274nam a2200313 c 4500 | ||
|---|---|---|---|
| 999 |
_c152193 _d152193 |
||
| 003 | ES-MaIEF | ||
| 005 | 20260420082307.0 | ||
| 007 | ta | ||
| 008 | 170314t2025 sp |0|0|00| | s mul | ||
| 020 | _a978-84-09-83437-2 | ||
| 040 |
_aES-MaIEF _bspa _cES-MaIEF |
||
| 041 |
_aspa _aeng _acat |
||
| 245 | 0 | 0 | _aIEB's report on fiscal federalism and public finance 2025 = Informe IEB sobre federalismo fiscal y finanzas públicas 2025 = Informe sobre federalisme fiscal i finances públiques 2025 |
| 246 | _aInforme IEB sobre federalismo fiscal y finanzas públicas 2025 | ||
| 260 |
_aBarcelona _bInstitut d'Economia de Barcelona (IEB) _c2025 |
||
| 300 |
_a190 p. _c21x30 cm |
||
| 500 | _aTextos en español, catalán e inglés. | ||
| 500 | _aEn formato electrónico en el Repositorio de la Biblioteca del IEF. | ||
| 504 | _aBibliografía. | ||
| 650 | 4 |
_aFEDERALISMO FISCAL _944156 |
|
| 650 | 4 |
_aHACIENDA PUBLICA _950201 |
|
| 650 | 4 |
_aHACIENDAS AUTONOMICAS _945214 |
|
| 650 | 4 |
_aPOLITICA FISCAL _948067 |
|
| 710 | 2 |
_aInstituto de Estudios Fiscales (Madrid) _932680 |
|
| 710 | 2 |
_aInstitut d'Economia de Barcelona _963755 |
|
| 710 |
_aUniversitat de Barcelona _971717 |
||
| 856 | _uhttps://ieb.ub.edu/wp-content/uploads/2026/03/IEB_Report_2025.pdf | ||
| 942 | _cLIB | ||